000 00337nam a22001337a 4500
008 171023b xxu||||| |||| 00| 0 eng d
020 _a9781878289377
041 _aeng
080 _a338
100 _a54
101 _aMO
245 _aCASES ON INFORMATION TECHNOLOGY MANAGEMENT IN MODERN ORGANIZATIONS
_cLIEBOWITZ, J
942 _2udc
_cBK
999 _c35469
_d35469